|
|
|
|
| LEADER |
00000naa2a2200000 4500 |
| 001 |
608924 |
| 005 |
20240111120136.0 |
| 035 |
|
|
|a (RuTPU)RU\TPU\conf\6370
|
| 035 |
|
|
|a RU\TPU\conf\6368
|
| 090 |
|
|
|a 608924
|
| 100 |
|
|
|a 20141020d2014 k y0rusy50 ca
|
| 101 |
0 |
|
|a rus
|
| 102 |
|
|
|a RU
|
| 105 |
|
|
|a y z 101zy
|
| 135 |
|
|
|a drcn ---uucaa
|
| 181 |
|
0 |
|a i
|
| 182 |
|
0 |
|a b
|
| 200 |
1 |
|
|a Мотивация труда работников как важнейший фактор эффективного управления на примере Санатория-Профилактория Томского политехнического университета
|f Р. Б. Бальжинимаева, Е. А. Васендина
|g науч. рук. Е. А. Васендина
|
| 203 |
|
|
|a Текст
|c электронный
|
| 225 |
1 |
|
|a Современные системы и технологии в неразрушающем контроле
|
| 300 |
|
|
|a Заглавие с титульного экрана
|
| 320 |
|
|
|a [Библиогр.: с. 24 (1 назв.)]
|
| 337 |
|
|
|a Adobe Reader
|
| 461 |
|
1 |
|0 (RuTPU)RU\TPU\conf\6241
|t Неразрушающий контроль: электронное приборостроение, технологии, безопасность
|o сборник трудов IV Всероссийской научно-практической конференции студентов, аспирантов и молодых учёных, Томск, 26-30 мая 2014 г.
|o в 2 т.
|f Национальный исследовательский Томский политехнический университет (ТПУ)
|d 2014
|
| 463 |
|
1 |
|0 (RuTPU)RU\TPU\conf\6243
|t Т. 1
|v [С. 23-24]
|d 2014
|
| 610 |
1 |
|
|a труды учёных ТПУ
|
| 610 |
1 |
|
|a электронный ресурс
|
| 610 |
1 |
|
|a мотивация
|
| 610 |
1 |
|
|a эффективное управление
|
| 610 |
1 |
|
|a санатории
|
| 610 |
1 |
|
|a ТПУ
|
| 610 |
1 |
|
|a производительность труда
|
| 700 |
|
1 |
|a Бальжинимаева
|b Р. Б.
|
| 701 |
|
1 |
|a Васендина
|b Е. А.
|c специалист в области электротехники
|c доцент Томского политехнического университета, инженер, кандидат технических наук
|f 1975-
|g Елена Александровна
|3 (RuTPU)RU\TPU\pers\28171
|9 13129
|
| 702 |
|
1 |
|a Васендина
|b Е. А.
|c специалист в области электротехники
|c доцент Томского политехнического университета, инженер, кандидат технических наук
|f 1975-
|g Елена Александровна
|4 727
|
| 712 |
0 |
2 |
|a Национальный исследовательский Томский политехнический университет (ТПУ)
|b Институт неразрушающего контроля (ИНК)
|b Кафедра физических методов и приборов контроля качества (ФМПК)
|3 (RuTPU)RU\TPU\col\18709
|
| 801 |
|
2 |
|a RU
|b 63413507
|c 20141020
|g RCR
|
| 856 |
4 |
|
|u http://www.lib.tpu.ru/fulltext/c/2014/C36/V1/005.pdf
|
| 942 |
|
|
|c BK
|